| 000 | 00597nam a22002057a 4500 | ||
|---|---|---|---|
| 999 |
_c17068 _d17068 |
||
| 003 | AR-CdUCM | ||
| 008 | 190507b ||||| |||| 00| 0 eng d | ||
| 040 |
_aMUNICIPALIDAD PROVINCIAL DEL CUSCO _cBIBLIOTECA MUNICIPAL DEL CUSCO |
||
| 082 |
_a869.56 / _bL762 |
||
| 100 |
_aLlosa, Jorge Guillermo _96826 |
||
| 245 | _aHomenaje a Victor Andres Belaunde / | ||
| 260 | _aLima : | ||
| 300 |
_a513 paginas ; _c25 cm. |
||
| 500 | _aHistoria y literatura peruana | ||
| 650 |
_aHistoria _9136 |
||
| 650 |
_aLieratura _936895 |
||
| 650 |
_aPerĂº _935 |
||
| 942 |
_2ddc _cLIBROS |
||
| 945 |
_apjha _d2019-05-07 |
||